| 000 | 00562nam a22001817a 4500 | ||
|---|---|---|---|
| 005 | 20230926104105.0 | ||
| 010 | _aENG-135346 | ||
| 020 |
_c300.00 _a9788194312505 |
||
| 035 | _aEN-118878 | ||
| 037 | _bDBAD/PUB | ||
| 082 | _a344 | ||
| 100 |
_aV. Vishwa Mohan _957421 |
||
| 245 |
_aIndividual social responsibility Vis-a-Vis Governent social responsibility/ _cBy V. Vishwa Mohan |
||
| 260 |
_c2019 _bUniversal Reading Mission, |
||
| 270 | _aUppal, Medchal (Malkajgiri) | ||
| 300 |
_a83p. _c20cm(Pbk) _bphotos |
||
| 942 |
_2ddc _cEN _mVIS _h344 |
||
| 999 |
_c192909 _d192909 |
||